01147nam a22002655i 450000100060000000300090000600500170001500700030003200800410003504000200007610000500009624501560014626001080030230000490041049000300045950000480048965100360053765100410057365100430061474000240065783000380068185200210071999900170074095201240075768348ES-MaACL20250813063308.0t|960731s1876 sp ||||1| spa d aCAM bspa cCAM1 aGarcía Ayuso, Francisco, d1835-189795420210aIrán o del Indo al Tigris b: descripción geográfica de los paises iranios, Afghanistan, Beluchistan, Persia y Armenia / cpor F. García Ayuso. aMadrid : b[s.n.] ; aParis : bMaisonneuve et c., c[1876] (eMadrid : fImprenta de Medina y Navarro) aXVI, 417 p., [1] h. de map. pleg. ; c27 cm.1 aEstudios sobre el Oriente aPrecede al tit.: Estudios sobre el Oriente. 4aIrán-vDescripción.9158056 4aAsia oriental-xDescripción.97829 4aOriente Medio-xDescripción.91599430 aDel Indo al Tigris.0 aEstudios sobre el Oriente9230943 aES-MaACLjG-9956 c68348d68348 001040708LIBXIXaATENEOMbATENEOMcSPP3d2008-01-17eSCl0oG-9956p1071547r2023-02-23 00:00:00w2023-02-23yMONANT